书目信息 |
| 书名: | Calculus and analytic geometry | |
| 作者: | Philip Gillett. | |
| 分册号: | ||
| 分册名: | 出版地: | Lexington, Mass. : |
|
| 出版社: | D.C. Heath | |
| 出版时间: | c1984. | |
| 页数: | xvii, 915, [56] p. : | |
| 开本: | 25 cm. | |
| 丛书名: | ||
| 中图分类号: | ||
| 科图分类号: | ||
| 其他分类号: | O13 | |
| 主题词: | ||
| 电子资源: | ||
| 000 | 00721nam 2200253Ia 45 | |
| 001 | E0753495606 | |
| 005 | 20070302145333.43 | |
| 008 | 030925s1984 maua 001 0 eng d | |
| 010 | @a 83813439 | |
| 020 | @a0669060593. | |
| 020 | @a0669076392 (Heath International Edition). | |
| 040 | @aYWM@cYWM | |
| 090 | @aP151/W59/1984 | |
| 090 | @aO13 | |
| 099 | @dO13@ex1=2 | |
| 100 | 1 | @aGillett, Philip. |
| 245 | 10 | @aCalculus and analytic geometry / @cPhilip Gillett. |
| 250 | @a2nd ed. | |
| 260 | @aLexington, Mass. :@bD.C. Heath,@cc1984. | |
| 300 | @axvii, 915, [56] p. :@bill. ;@c25 cm. | |
| 500 | @aIncludes index. | |
| 650 | 0 | @aCalculus. |
| 650 | 0 | @aGeometry, Analytic. |
| 920 | @a232010@z2 | |
| Calculus and analytic geometry / / Philip Gillett.-2nd ed.-Lexington, Mass. : : D.C. Heath, , c1984. |
| xvii, 915, [56] p. : : ill. ; ; 25 cm. |
| Includes index. |
| ISBN 0669060593. |
| ● |
| 相关链接 |
|
|
|
|
正题名:Calculus and analytic geometry
索取号:O13/x1=2
 
预约/预借
| 序号 | 登录号 | 条形码 | 馆藏地/架位号 | 状态 | 备注 |
| 1 | 182480 | 000453253 | 第二样本阅览室/ [索取号:O13/x1=2] | 在馆 | |
| 2 | 182481 | 000453379 | 第四借阅区/ [索取号:O13/x1=2] | 在馆 | |
| 3 | 182482 | 000453299 | 第四借阅区/ [索取号:O13/x1=2] | 在馆 |